Operations management : (رقم التسجيلة. 37807)

تفاصيل مارك
000 -الفاتح
حقل البيانات ثابتة الطول 00923cam a2200265 a 4500
001 - رقم الضبط
رقم الضبط 15879286
003 - محدد رقم الضبط
رقم الضبط OSt
005 - وقت وتاريخ اخر تعامل مع التسجيلة
رقم الضبط 20150729040039.0
008 - عناصر البيانات ثابتة الطول - معلومات عامة
حقل البيانات ثابتة الطول 090824s2014 maua b 001 0 eng
010 ## - رقم ضبط مكتبة الكونجرس
رقم ضبط مكتبة الكونجرس 2009034089
020 ## - الرقم الدولى المعيارى للكتب
الرقم الدولى المعيارى للكتاب 9780273787075
035 ## - رقم ضبط النظام
رقم ضبط النظام (OCoLC)ocn434125294
040 ## - مصدر الفهرسة
وكالة الفهرسة الأصلية DLC
وكالة النسخ DLC
وكالة التعديل YDX
-- YDXCP
-- DLC
082 00 - رقم تصنيف ديوى العشرى
رقم التصنيف 658.5
رقم المادة HJO
رقم الطبعة 22
100 1# - المدخل الرئيسى - إسم شخصى
الإسم الشخصى Heizer, Jay H.
9 (RLIN) 49873
245 10 - بيان العنوان
العنوان Operations management :
بقية العنوان sustainability and supply chain management /
بيان المسئوليه,etc Jay Heizer, Barry Render.
250 ## - بيان الطبعة
بيان الطبعة 11th ed., Global edition.
260 ## - PUBLICATION, DISTRIBUTION, ETC. (IMPRINT)
مكان الناشر او الموزع Boston :
اسم الناشر او الموزع Pearson,
تاريخ النشر أو التوزيع 2014.
300 ## - الوصف المادى
التعداد 1 volume (various pagings) :
تفاصيل ماديه اخرى للوعاء col. ill. ;
أبعاد الوعاء 29 cm.
504 ## - تبصرة ببليوجرافية
تبصرة ببليوجرافية,الخ Includes bibliographical references and indexes.
650 #0 - المدخل الاضافى بالموضوع-مصطلح موضوعى
مصطلح موضوعي أو اسم جغرافي كعنصر مدخل Production management.
9 (RLIN) 49874
700 1# - المدخل الاضافى - اسم شخصى
الإسم الشخصى Render, Barry.
9 (RLIN) 49875
942 ## - عناصر المدخل الإضافي( كوها)
مصدر التصنيف او مخطط الترفيف Dewey Decimal Classification
Koha [default] item type كتاب
المقتنيات
حالة الفقد نموذج السعر الفعال حالة تلف ليس للاعارة رقم الطلب رقم النسخة تاريخ الاكتساب الموقع الحالي الباركود الفرع الرئيسي Date last seen نوع المادة فى نظام كوها مصدر التصنيف او خطة الترفيف Total Checkouts
  2015-07-29   Not For Loan 658.5 HJO 1 2015-07-29 المكتبة المركزية بالمجمعة (CL) 00216373 المكتبة المركزية بالمجمعة (CL) 2015-07-29 كتاب Dewey Decimal Classification  
  2015-07-29     658.5 HJO 2 2015-07-29 المكتبة المركزية بالمجمعة (CL) 00216374 المكتبة المركزية بالمجمعة (CL) 2015-07-29 كتاب Dewey Decimal Classification  
  2015-07-29     658.5 HJO 3 2015-07-29 المكتبة المركزية بالمجمعة (CL) 00216375 المكتبة المركزية بالمجمعة (CL) 2015-07-29 كتاب Dewey Decimal Classification